Der württembergische Pietismus und die Brüdergemeine

Saved in:  
Bibliographic Details
Main Author: Schäfer, Gerhard 1923-2003 (Author)
Format: Electronic Article
Language:German
Check availability: HBZ Gateway
Interlibrary Loan:Interlibrary Loan for the Fachinformationsdienste (Specialized Information Services in Germany)
Published: 1983
In: Unitas Fratrum
Year: 1983, Volume: 13, Pages: 45-64
IxTheo Classification:KBB German language area
KDD Protestant Church
Further subjects:B Plymouth Brethren
B Protestant Church
B Baden-Württemberg
B Pietism (motif)
Online Access: Volltext (kostenfrei)
Parallel Edition:Non-electronic

MARC

LEADER 00000naa a22000002c 4500
001 1916949150
003 DE-627
005 20250211132948.0
007 cr uuu---uuuuu
008 250211s1983 gw |||||o 00| ||ger c
024 7 |a 10.71704/unfr.v13i.95333  |2 doi 
035 |a (DE-627)1916949150 
035 |a (DE-599)KXP1916949150 
040 |a DE-627  |b ger  |c DE-627  |e rakwb 
041 |a ger 
044 |c XA-DE 
084 |a 1  |2 ssgn 
084 |a 731  |2 bwlb 
084 |a 736  |2 bwlb 
100 1 |e VerfasserIn  |0 (DE-588)12059143X  |0 (DE-627)080766102  |0 (DE-576)213304759  |4 aut  |a Schäfer, Gerhard  |d 1923-2003 
109 |a Schäfer, Gerhard 1923-2003  |a Schäfer, Gottlob Gerhard 1923-2003 
245 1 4 |a Der württembergische Pietismus und die Brüdergemeine  |c von Gerhard Schäfer 
264 1 |c 1983 
336 |a Text  |b txt  |2 rdacontent 
337 |a Computermedien  |b c  |2 rdamedia 
338 |a Online-Ressource  |b cr  |2 rdacarrier 
506 |a [DE-21]Open Access  |e Controlled Vocabulary for Access Rights  |u http://purl.org/coar/access_right/c_abf2 
533 |a Reproduktion  |d 2023  |7 |2023|||||||||| 
540 |a [DE-21]Urheberrechtsschutz 1.0  |2 rs  |u https://rightsstatements.org/page/InC/1.0/?language=en 
601 |a Württemberg 
601 |a Pietismus 
601 |a Brüdergemeine 
650 0 7 |0 (DE-588)4008438-3  |0 (DE-627)106368109  |0 (DE-576)208876316  |a Darbysten  |2 gnd 
650 0 7 |0 (DE-588)4015833-0  |0 (DE-627)106335138  |0 (DE-576)208913718  |a Evangelische Kirche  |2 gnd 
650 0 7 |0 (DE-588)4046049-6  |0 (DE-627)106199536  |0 (DE-576)209067691  |a Pietismus  |2 gnd 
651 7 |0 (DE-588)4004176-1  |0 (DE-627)106387154  |0 (DE-576)208854444  |a Baden-Württemberg  |2 gnd 
652 |a KBB:KDD 
773 0 8 |i Enthalten in  |a Evangelische Brüder-Unität  |t Unitas Fratrum  |d Herrnhut : HerrnhuterVerlag, 1977  |g 13. 1983. - S. 45 - 64  |h Online-Ressource  |w (DE-627)1839369205  |w (DE-600)3154270-0  |7 nnas 
773 1 8 |g volume:13  |g year:1983  |g pages:45-64 
776 0 8 |i Elektronische Reproduktion von  |a Schäfer, Gerhard, 1923 - 2003  |t Der württembergische Pietismus und die Brüdergemeine  |d 1983  |w (DE-627)1629338176  |w (DE-576)374826919  |k Non-Electronic 
856 4 0 |u https://doi.org/10.71704/unfr.v13i.95333  |x Digitalisierung  |z kostenfrei  |3 Volltext  |7 0 
889 |w (DE-627)1533310785 
935 |a mteo  |a DTH5  |a BWLB 
951 |a AR 
ELC |a 1 
ITA |a 1  |t 1 
LOK |0 000 xxxxxcx a22 zn 4500 
LOK |0 001 4663393551 
LOK |0 003 DE-627 
LOK |0 004 1916949150 
LOK |0 005 20250211132948 
LOK |0 008 250211||||||||||||||||ger||||||| 
LOK |0 040   |a DE-Tue135  |c DE-627  |d DE-Tue135 
LOK |0 092   |o n 
LOK |0 852   |a DE-Tue135 
LOK |0 852 1  |9 00 
LOK |0 935   |a ixzs 
LOK |0 936ln  |0 1442044721  |a KBB 
LOK |0 936ln  |0 1442050047  |a KDD 
LOK |0 939   |a 11-02-25  |b l01 
OAS |a 1 
ORI |a SA-MARC-ixtheoa001.raw 
STA 0 0 |a Baden-Württemberg,Pietism (motif),Pietism,Plymouth Brethren,Darbyites,Brethren,Protestant Church,Protestant Church,Protestant Church,Evangelical Church 
STB 0 0 |a Bade-Württemberg,Darbystes,Piétisme (motif),Piétisme,Église protestante,Église protestante 
STC 0 0 |a Hermanos de Plymouth,Iglesia evangélica,Iglesia evangélica,Pietismo 
STD 0 0 |a Chiesa evangelica,Chiesa evangelica,Darbisti,Pietismo 
STE 0 0 |a 新教教会,普利芧斯弟兄会,虔敬主义,敬虔派,虔信主义 
STF 0 0 |a 新教教會,普利芧斯弟兄會,虔敬主義,敬虔派,虔信主義 
STG 0 0 |a Igreja evangélica,Igreja evangélica,Irmãos de Plymouth,Pietismo 
STH 0 0 |a Евангелическая церковь (мотив),Евангелическая церковь,Пиетизм,Плимутские братья,Дарбисты 
STI 0 0 |a Ευαγγελική Εκκλησία (μοτίβο),Ευαγγελική Εκκλησία,Νταρμπιστές,Πιετισμός,Ευσεβισμός 
SYE 0 0 |a Brüderbewegung,Darbyisten,Plymouth-Brüder,Plymouth Brethren,Christliche Versammlung,CV,Plymouthbrüder,Plymouth Brethern,Darbyiten,Vergadering van gelovigen,Assemblées de frères , Evangelische Kirche in Karlsruhe , Protestant Church,Eglise protestante , Waldkapelle Klosterreichenbach,Petruskirche Heselbach,Drei-Meister-Kirche Helmershausen,Ev. Kirche,Evangelische Stadtkirche,Sankt Nikolaus,Nikolaikirche Elmshorn,Sankt Gereon,Schurwald-Kirchlein Aichschiess,Sankt Gereon und Margaretha,Evangelische Kirche Werden 
SYF 0 0 |a Südweststaat,Bade-Wurtemberg,Baden-Vjurttemberg,Baden-Wirtemberg,Baden-Wuerttemberg,BW,Land Baden-Württemberg